00948cam a2200289 i 45000010008000000030004000080050017000120080041000290100017000700200006000870400018000930430012001110500017001230820017001401000017001572450064001742600061002383000029002994400017003285040041003456510033003867100044004199060045004639420012005089990019005209520119005394666120OSt20180116183051.0800604s1979 gauc b 100 0 eng  a 80113332  a0 aDLCcDLCdDLC an-usu--00aF216.2b.A4600a975 THE 1979 aThe American04aThe American South :bPortrait Of a Culture /cThe American awashington DC. :bVoice of America Forum Series,cc1979. a398 p. :bPB . ;c28 cm. aThe American aIncludes bibliographical references. 0aSouthern StatesxCongresses.2 aUniversity of Georgia.bAlumni Society. a7bcbccorignewd2encipf19gy-gencatlg 2ddccBK c351646d351646 00102ddc40708NFICaCLbCLcGENd2016-08-15l1o975 THE 1979pNBSD-2699r2024-05-22s2017-08-28w2016-08-15yBK